00538 2200193 4500001002100000005001500021035002000036007000300056008003900059020001900098082000800117084001400125100001700139245008000156250001300236260003300249300004200282990002000324INLIS00000000000139620181004090615 a0010-1018000034ta181004 | | |  a978979055309-5 a591 a591 STE 10 aSteve Parker1 a100 Fakta Hewan Terancam Punah /cSteve Parker; Pengalih Bahasa, Azkya Aura aCet.1.-- aBandung :bExsamedia,c2010. axx + 92 hlm. :bilus. ;c17,5 x25 cm. a12162/P/BL/2016